JILACON 17 (Record no. 5677)

MARC details
000 -LEADER
fixed length control field 00407nam a22001457a 4500
005 - DATE AND TIME OF LATEST TRANSACTION
control field 20180123150650.0
008 - FIXED-LENGTH DATA ELEMENTS--GENERAL INFORMATION
fixed length control field 180123b xxu||||| |||| 00| 0 eng d
020 ## - INTERNATIONAL STANDARD BOOK NUMBER
ISBN 978-93-85292-12-5
041 ## - LANGUAGE CODE
Language code of text/sound track or separate title eng
100 ## - MAIN ENTRY--AUTHOR NAME
Personal name KARN, DR BHASKAR AND KARN, SANJAY KUMAR
245 ## - TITLE STATEMENT
Title JILACON 17
Remainder of title DR BHASKAR KARN, AND SANJAY KUMAR KARN
260 ## - PUBLICATION, DISTRIBUTION, ETC. (IMPRINT)
Place of publication RANCHI
Name of publisher LORDS PUBLISHING HOUSE
300 ## - PHYSICAL DESCRIPTION
Number of Pages 400p.
942 ## - ADDED ENTRY ELEMENTS (KOHA)
Koha item type Books
Holdings
Lost status Damaged status Collection code Home library Current library Shelving location Date acquired Source of acquisition Cost, normal purchase price Accession Number Koha item type
    LIFE SKILL JRU Library JRU Library SHELF-103-C 23/01/2018 DONATION 400.00 22316 Books